[Event "OLNW 2324 SV Werder Bremen III - SK Rick"]
[Site "?"]
[Date "2023.12.03"]
[Round "3.6"]
[White "Buchal, Stephan"]
[Black "Arntz, Christoph"]
[Result "1-0"]
[WhiteElo "2186"]
[BlackElo "1971"]
[PlyCount "71"]
[EventDate "2023.??.??"]

1. c4 c5 2. g3 Nc6 3. Bg2 Nf6 4. Nf3 g6 5. O-O Bg7 6. d4 cxd4 7. Nxd4 O-O 8. Nc3 Nxd4 9. Qxd4 d6 10. Qd3 a6 11. Bd2 Bf5 12. e4 Bd7 13. Rfe1 Bc6 14. Rab1 Nd7 15. a4 Nc5 16. Qc2 a5 17. b3 e6 18. Rbd1 Qc7 19. Bf4 Be5 20. Be3 Na6 21. f4 Bg7 22. Nb5 Bxb5 23. axb5 Nc5 24. f5 Rac8 25. Rf1 Qe7 26. Bf4 Rfd8 27. Rd2 g5 28. Be3 Be5 29. f6 Bxf6 30. Rdf2 Nd7 31. Rxf6 Nxf6 32. Bxg5 Qc7 33. Bxf6 Qc5+ 34. Kh1 Rd7 35. Qd1 h5 36. e5 1-0

[Event "OLNW 2324 SV Werder Bremen III - SK Rick"]
[Site "?"]
[Date "2023.12.03"]
[Round "3.8"]
[White "Weidenhoefer, Max"]
[Black "Ploog, Martin"]
[Result "1-0"]
[WhiteElo "2043"]
[BlackElo "2015"]
[PlyCount "71"]
[EventDate "2023.??.??"]

1. e4 c5 2. Nf3 Nc6 3. d4 cxd4 4. Nxd4 e5 5. Nb5 d6 6. N1c3 a6 7. Na3 Be7 8. Nd5 Nf6 9. Nxf6+ Bxf6 10. Nc4 O-O 11. Qxd6 Qxd6 12. Nxd6 Nb4 13. Bd3 Rd8 14. Nc4 Rxd3 15. cxd3 Nc2+ 16. Kd1 Nxa1 17. Be3 Be6 18. Nb6 Rd8 19. Kd2 Rd6 20. Rxa1 Bd8 21. Na4 Bc4 22. Nc5 b6 23. Kc3 Bb5 24. a4 Bc6 25. Nxa6 f5 26. f3 f4 27. Bf2 Be7 28. b4 Bb7 29. b5 Bd8 30. Nb4 Rd7 31. Nc2 Kf7 32. Na3 Bc8 33. Nc4 Rc7 34. Kd2 Be6 35. Nxe5+ Ke8 36. Bxb6 1-0

[Event "OLNW 2324 Post SV Uelzen - Delmenhorster"]
[Site "?"]
[Date "2023.12.03"]
[Round "3.1"]
[White "Pahl, Theis"]
[Black "Laubsch, Bernd"]
[Result "0-1"]
[WhiteElo "2092"]
[BlackElo "2253"]
[PlyCount "50"]
[EventDate "2023.??.??"]

1. e4 c5 2. Nf3 e6 3. d4 cxd4 4. Nxd4 a6 5. Bd3 Bc5 6. Nb3 Ba7 7. O-O Ne7 8. c4 O-O 9. Nc3 Nbc6 10. c5 b6 11. cxb6 Bxb6 12. Qe2 Ne5 13. Be3 f5 14. exf5 Nxd3 15. Bxb6 Qxb6 16. Qxd3 Nxf5 17. Rac1 a5 18. Na4 Qb4 19. Nac5 d6 20. a3 Qb8 21. Ne4 Ba6 22. Qh3 Bxf1 23. Ng5 h6 24. Nxe6 Ba6 25. Rc7 Bc8 0-1

[Event "OLNW 2324 Post SV Uelzen - Delmenhorster"]
[Site "?"]
[Date "2023.12.03"]
[Round "3.2"]
[White "Knuedel, Torben"]
[Black "Pahl, Erik"]
[Result "1-0"]
[WhiteElo "2284"]
[BlackElo "2162"]
[PlyCount "67"]
[EventDate "2023.??.??"]

1. e4 e5 2. Nf3 d6 3. Bc4 Be7 4. Nc3 Nf6 5. O-O O-O 6. Re1 Nbd7 7. a4 a5 8. d3 h6 9. Be3 Re8 10. Qb1 Nf8 11. Qa2 Be6 12. Rad1 c6 13. d4 Bxc4 14. Qxc4 Qc7 15. Nd5 Nxd5 16. exd5 exd4 17. Nxd4 Bf6 18. Nb5 Qb8 19. dxc6 d5 20. Qxd5 bxc6 21. Qxc6 Bxb2 22. Nc7 Rc8 23. Qxa8 Qxc7 24. Qe4 Ne6 25. h3 Qc4 26. Bb6 Bc3 27. Re3 Qa2 28. Kh2 Qb2 29. Rdd3 Bb4 30. Re2 Qa1 31. Qg4 Rc6 32. Rxe6 Rxe6 33. Bd4 Bd6+ 34. g3 1-0

[Event "OLNW 2324 Post SV Uelzen - Delmenhorster"]
[Site "?"]
[Date "2023.12.03"]
[Round "3.3"]
[White "Hedke, Fred"]
[Black "Bargsten, Justus"]
[Result "1/2-1/2"]
[WhiteElo "2238"]
[BlackElo "2212"]
[PlyCount "93"]
[EventDate "2023.??.??"]

1. Nf3 d5 2. d4 Nf6 3. g3 Bf5 4. Bg2 h6 5. O-O e6 6. c4 c6 7. Nc3 Be7 8. Nd2 Nbd7 9. e4 dxe4 10. Ndxe4 Nxe4 11. Nxe4 Nf6 12. Nc3 O-O 13. Be3 Qd7 14. Qe2 Ng4 15. Rad1 Nxe3 16. fxe3 Rad8 17. Kh1 Bg6 18. a3 Qc7 19. b4 Rfe8 20. e4 b6 21. e5 a5 22. c5 axb4 23. axb4 bxc5 24. bxc5 Rd7 25. Be4 Bxe4+ 26. Nxe4 Rd5 27. Qg4 Qd8 28. Rf2 Rf8 29. Rfd2 Kh8 30. Nd6 Bxd6 31. cxd6 Qa5 32. Rc2 Qa4 33. Qe2 Rxd4 34. Rxd4 Qxd4 35. Rd2 Qc5 36. Rd1 Rd8 37. Qe4 Kg8 38. Qf4 Rd7 39. Kg2 Qb5 40. Rd2 c5 41. Qe4 Qb4 42. Qe2 Rd8 43. Kh3 Qc3 44. Rc2 Qd4 45. Rd2 Qc3 46. Rc2 Qd4 47. Rd2 1/2-1/2

[Event "OLNW 2324 Post SV Uelzen - Delmenhorster"]
[Site "?"]
[Date "2023.12.03"]
[Round "3.4"]
[White "von Estorff, Jacob"]
[Black "Chokhonelidze, Giorgi"]
[Result "1/2-1/2"]
[WhiteElo "2145"]
[BlackElo "2286"]
[PlyCount "100"]
[EventDate "2023.??.??"]

1. e4 c5 2. Nf3 Nc6 3. d4 cxd4 4. Nxd4 Qb6 5. Nb3 e6 6. Be3 Qc7 7. Bd3 Nf6 8. O-O d5 9. Nc3 Bb4 10. exd5 Bxc3 11. bxc3 Nxd5 12. Bc5 b6 13. Ba3 Bb7 14. c4 Nf4 15. Be4 Rd8 16. Qe1 Nd4 17. Nxd4 Rxd4 18. Bxb7 Qxb7 19. f3 Rxc4 20. Qe5 f6 21. Qb2 Kf7 22. Rf2 Rhc8 23. Rd1 Nd5 24. Rdd2 Qc6 25. Rfe2 b5 26. Qa1 b4 27. Bb2 Rc7 28. Qd1 a5 29. Bd4 a4 30. Qe1 e5 31. Bb2 Nf4 32. Rf2 Rd7 33. Qd1 Rxd2 34. Rxd2 Ke6 35. h3 Nd5 36. Kh2 g5 37. Qe2 Qc5 38. Qd3 h5 39. Qh7 Ne7 40. Qxh5 Qe3 41. Bc1 Qe1 42. Qe8 Rd4 43. Rxd4 exd4 44. f4 Qxc1 45. f5+ Kxf5 46. Qxe7 Qf4+ 47. Kh1 Qf1+ 48. Kh2 Qf4+ 49. Kh1 Qf1+ 50. Kh2 Qf4+ 1/2-1/2

[Event "OLNW 2324 Post SV Uelzen - Delmenhorster"]
[Site "?"]
[Date "2023.12.03"]
[Round "3.5"]
[White "Juhnke, Karl"]
[Black "Askerov, Imamali"]
[Result "1-0"]
[WhiteElo "2140"]
[BlackElo "1958"]
[PlyCount "105"]
[EventDate "2023.??.??"]

1. d4 Nf6 2. c4 e6 3. Nc3 Bb4 4. e3 O-O 5. Bd3 d5 6. g3 Bxc3+ 7. bxc3 b6 8. Nf3 Ba6 9. cxd5 Bxd3 10. Qxd3 exd5 11. O-O Nbd7 12. c4 c6 13. a4 Re8 14. a5 bxa5 15. c5 Ne4 16. Qa6 Re6 17. Bd2 g5 18. Bxa5 Qe7 19. Rfb1 Kg7 20. Qb7 Rb8 21. Qxa7 Rxb1+ 22. Rxb1 Qf6 23. Rf1 Re7 24. Bd8 Qe6 25. Bxe7 Qxe7 26. Ne5 Nef6 27. Nxc6 Qe6 28. Nd8 Qe8 29. Qc7 Nf8 30. Ra1 Ne6 31. Nxe6+ Qxe6 32. Qe5 Qc6 33. Qxg5+ Kf8 34. h3 Ne4 35. Qd8+ Kg7 36. Qb6 Qd7 37. Ra6 Qc8 38. Qh6+ Kg8 39. Rb6 Qa8 40. f3 Nd2 41. Ra6 Qb8 42. Kf2 Nc4 43. Ra2 Qd8 44. h4 Qe8 45. Qg5+ Kf8 46. h5 Qc6 47. h6 Ke8 48. Qg8+ Ke7 49. Ra7+ Kf6 50. Rxf7+ Ke6 51. Rc7+ Kf6 52. Rxc6+ Kf5 53. g4# 1-0

[Event "OLNW 2324 Post SV Uelzen - Delmenhorster"]
[Site "?"]
[Date "2023.12.03"]
[Round "3.6"]
[White "List, Joachim"]
[Black "Margraf, Daniel"]
[Result "1-0"]
[WhiteElo "2228"]
[BlackElo "2233"]
[PlyCount "89"]
[EventDate "2023.??.??"]

1. e4 e5 2. Nf3 d6 3. Bc4 Be7 4. Nc3 Nf6 5. d4 exd4 6. Nxd4 O-O 7. O-O c6 8. Re1 Re8 9. Bf4 Bf8 10. a4 Nbd7 11. Ba2 Nc5 12. Qf3 Bg4 13. Qg3 Qd7 14. h3 Bh5 15. f3 Bg6 16. Qf2 a5 17. Rad1 Rad8 18. Be3 Qc7 19. Kh1 Nfd7 20. Nde2 Na6 21. Nf4 Nb4 22. Bc4 d5 23. Nxg6 dxc4 24. Nxf8 Rxf8 25. Rd4 Ne5 26. Rxd8 Qxd8 27. Rd1 Qa8 28. Bb6 Qa6 29. Rd2 f6 30. Qc5 Nxc2 31. Nb5 cxb5 32. axb5 Qa8 33. Rxc2 Kh8 34. Qd5 a4 35. Bc7 a3 36. bxa3 Qxa3 37. Bxe5 fxe5 38. Rxc4 Qe7 39. b6 Rd8 40. Rc7 Qg5 41. Rd7 Rxd7 42. Qxd7 g6 43. Qc8+ Kg7 44. Qxb7+ Kh6 45. Qc7 1-0

[Event "OLNW 2324 Post SV Uelzen - Delmenhorster"]
[Site "?"]
[Date "2023.12.03"]
[Round "3.7"]
[White "Grebener, Soeren"]
[Black "Grabow, Carsten"]
[Result "0-1"]
[WhiteElo "1982"]
[BlackElo "2067"]
[PlyCount "70"]
[EventDate "2023.??.??"]

1. e4 c5 2. Nf3 Nc6 3. d4 cxd4 4. Nxd4 Nf6 5. Nc3 e5 6. Ndb5 d6 7. Bg5 a6 8. Na3 b5 9. Nd5 Be7 10. Bxf6 Bxf6 11. c3 Bg5 12. Nc2 Rb8 13. Be2 O-O 14. Nce3 g6 15. O-O f5 16. exf5 gxf5 17. a4 f4 18. Nc2 bxa4 19. Ncb4 Nxb4 20. Nxb4 Bb7 21. Bxa6 Ba8 22. Bc4+ Kh8 23. Bd5 f3 24. g3 Qd7 25. Kh1 Qh3 26. Rg1 Rf6 27. Qf1 Qh5 28. h3 Rh6 29. Kh2 Rxb4 30. Bxa8 Rxb2 31. h4 Bxh4 32. g4 Bg3+ 33. Kxg3 Qh2+ 34. Kxf3 Qf4+ 35. Kg2 Rh2# 0-1

[Event "OLNW 2324 Post SV Uelzen - Delmenhorster"]
[Site "?"]
[Date "2023.12.03"]
[Round "3.8"]
[White "Burnus, Finn Crispin"]
[Black "Meyer, Thorsten"]
[Result "0-1"]
[WhiteElo "1647"]
[BlackElo "1928"]
[PlyCount "62"]
[EventDate "2023.??.??"]

1. d4 Nf6 2. c4 d6 3. Nc3 g6 4. e4 Bg7 5. Nf3 O-O 6. Be2 c6 7. O-O Qc7 8. Be3 Nbd7 9. Ne1 e5 10. d5 Ne8 11. Nd3 f5 12. f3 f4 13. Bf2 c5 14. a3 b6 15. Nb5 Qd8 16. b4 g5 17. Qb3 Rf7 18. Rfb1 Bf8 19. a4 g4 20. Kf1 Qg5 21. Bg1 Ndf6 22. a5 Rb8 23. axb6 axb6 24. Ra3 Qh4 25. Ne1 g3 26. hxg3 fxg3 27. Na7 Ng4 28. Bd3 Qh1 29. Ke2 Qxg1 30. fxg4 Rf2+ 31. Kd1 Bxg4+ 0-1

[Event "OLNW 2324 SK Kirchweyhe II - Hamelner SV"]
[Site "?"]
[Date "2023.12.03"]
[Round "3.1"]
[White "Bode, Wilfried"]
[Black "Palac, Mladen"]
[Result "1/2-1/2"]
[WhiteElo "2339"]
[BlackElo "2478"]
[PlyCount "46"]
[EventDate "2023.??.??"]

1. Nf3 d5 2. e3 Nf6 3. b3 Bf5 4. Bb2 e6 5. Nh4 Bg4 6. Be2 Bxe2 7. Qxe2 Nbd7 8. d3 Bd6 9. Nd2 O-O 10. O-O Re8 11. g3 c6 12. e4 e5 13. Nf5 Bf8 14. Kh1 g6 15. Ne3 Bg7 16. a4 Qc7 17. f3 Rad8 18. Rf2 Nc5 19. Qf1 Rd7 20. Re1 Re6 21. Rfe2 dxe4 22. Nxe4 Nfxe4 23. fxe4 Qd8 1/2-1/2

[Event "OLNW 2324 SK Kirchweyhe II - Hamelner SV"]
[Site "?"]
[Date "2023.12.03"]
[Round "3.2"]
[White "Zeitlein, Michael"]
[Black "Tonndorf, Matthias"]
[Result "1-0"]
[WhiteElo "2335"]
[BlackElo "2212"]
[PlyCount "113"]
[EventDate "2023.??.??"]

1. d4 Nf6 2. Nf3 e6 3. e3 b6 4. Bd3 Bb7 5. Nbd2 c5 6. O-O cxd4 7. exd4 Be7 8. Re1 O-O 9. c3 d6 10. a4 Nc6 11. Ne4 Re8 12. Nfg5 h6 13. Nxf6+ Bxf6 14. Bh7+ Kf8 15. Ne4 d5 16. Nxf6 Qxf6 17. Re3 g5 18. h4 Qg7 19. Bc2 e5 20. hxg5 hxg5 21. Rg3 f6 22. Qh5 exd4 23. Bxg5 fxg5 24. Rxg5 Re5 25. Rxg7 Rxh5 26. Rxb7 dxc3 27. bxc3 Re5 28. Rc7 Na5 29. Rd1 Rae8 30. Rxa7 Re1+ 31. Kh2 R1e2 32. Bg6 R8e6 33. Bh5 R2e5 34. Bf3 Rd6 35. Rd4 Nc6 36. Rf4+ Ke8 37. Rh7 Re7 38. Bh5+ Kd8 39. Rf8+ Kc7 40. Rxe7+ Nxe7 41. Rf7 Kd8 42. g4 Rc6 43. g5 Rxc3 44. g6 Rc6 45. g7 Rh6 46. Rf8+ Kd7 47. Rh8 Rf6 48. Kg2 Kd6 49. g8=Q Nxg8 50. Rxg8 Rf4 51. Rg4 Rf5 52. Bg6 Re5 53. Bd3 Kc5 54. f4 Re1 55. f5 Rd1 56. Rg3 Ra1 57. Bb5 1-0

[Event "OLNW 2324 SK Kirchweyhe II - Hamelner SV"]
[Site "?"]
[Date "2023.12.03"]
[Round "3.3"]
[White "Helmer, Jan"]
[Black "Zaja, Ivan"]
[Result "0-1"]
[WhiteElo "2164"]
[BlackElo "2417"]
[PlyCount "94"]
[EventDate "2023.??.??"]

1. d4 Nf6 2. c4 g6 3. Nc3 Bg7 4. e4 d6 5. Nf3 O-O 6. Be2 e5 7. O-O Nbd7 8. Be3 Re8 9. d5 Ng4 10. Bg5 f6 11. Bc1 Nh6 12. b4 a5 13. bxa5 Nc5 14. Nd2 f5 15. Nb3 Nxe4 16. Nxe4 fxe4 17. Bxh6 Bxh6 18. Bg4 e3 19. Bxc8 exf2+ 20. Rxf2 Rxc8 21. Qe2 Qg5 22. Kh1 e4 23. Nd4 Bg7 24. Rd1 Bxd4 25. Rxd4 Ra8 26. h3 Qe5 27. Qe3 Rxa5 28. Re2 Ra3 29. Qxe4 Rxa2 30. Qxe5 Ra1+ 31. Kh2 Rxe5 32. Rxe5 dxe5 33. Re4 Ra4 34. Rxe5 Rxc4 35. Re7 b5 36. Rd7 Kf8 37. Rxh7 b4 38. Rh8+ Ke7 39. Rb8 Kd6 40. Rb5 Ke5 41. Kg3 Kd4 42. Kf4 Kc3+ 43. Kg5 b3 44. Rxb3+ Kxb3 45. Kxg6 Rd4 46. g4 Rxd5 47. g5 c5 0-1

[Event "OLNW 2324 SK Kirchweyhe II - Hamelner SV"]
[Site "?"]
[Date "2023.12.03"]
[Round "3.4"]
[White "Kovacevic, Blazimir"]
[Black "Renner, Kai"]
[Result "1/2-1/2"]
[WhiteElo "2400"]
[BlackElo "2147"]
[PlyCount "93"]
[EventDate "2023.??.??"]

1. d4 f5 2. Nf3 Nf6 3. c4 g6 4. e3 Bg7 5. Be2 O-O 6. O-O d6 7. Nc3 Qe8 8. b4 e5 9. dxe5 dxe5 10. b5 e4 11. Nd4 Nbd7 12. Ba3 Rf7 13. Qb3 Ne5 14. Rad1 Be6 15. Nd5 Rd7 16. Nxe6 Qxe6 17. Nf4 Qf7 18. c5 Qxb3 19. axb3 Rad8 20. Ne6 Rxd1 21. Rxd1 Rxd1+ 22. Bxd1 c6 23. bxc6 bxc6 24. b4 Nfd7 25. Nxg7 Kxg7 26. Bb2 Kf7 27. f4 exf3 28. gxf3 Ke7 29. Kg2 f4 30. Be2 fxe3 31. f4 Nf7 32. Bd4 Nh6 33. Bxe3 Nf5 34. Bf2 Nf6 35. Bc4 Kd7 36. Kf3 Kc7 37. Be1 Nd4+ 38. Kf2 Nc2 39. Bb3 Nxe1 40. Kxe1 Nh5 41. f5 gxf5 42. Bc2 Nf6 43. Bxf5 Nd5 44. Bxh7 Nxb4 45. h4 Kd7 46. h5 Ke7 47. Be4 1/2-1/2

[Event "OLNW 2324 SK Kirchweyhe II - Hamelner SV"]
[Site "?"]
[Date "2023.12.03"]
[Round "3.5"]
[White "Koch, Yannick"]
[Black "Genov, Petar"]
[Result "0-1"]
[WhiteElo "1982"]
[BlackElo "2404"]
[PlyCount "126"]
[EventDate "2023.??.??"]

1. d4 Nf6 2. c4 e6 3. Nc3 Bb4 4. Qc2 c5 5. dxc5 Qc7 6. Nf3 Bxc5 7. Bg5 a6 8. e4 Ng4 9. Bh4 Nc6 10. Be2 O-O 11. Bg3 d6 12. a3 Nge5 13. Bxe5 dxe5 14. b4 Nd4 15. Qb2 Nxf3+ 16. Bxf3 Bd4 17. Qb3 b6 18. O-O Bb7 19. Rac1 Rac8 20. Ne2 Rfd8 21. Rfd1 g6 22. h4 a5 23. Ng3 axb4 24. axb4 Qe7 25. h5 Qh4 26. Kf1 Kg7 27. Ke2 Ra8 28. Rh1 Qg5 29. Rc2 Bc6 30. Ra2 Rxa2+ 31. Qxa2 Bxf2 32. Nf1 Bd4 33. Qc2 Ra8 34. hxg6 hxg6 35. Qd2 Qxd2+ 36. Nxd2 Bc3 37. b5 Bb7 38. Nb3 Ra2+ 39. Kd3 Bb4 40. Ra1 Rxa1 41. Nxa1 Kf6 42. Nb3 Ke7 43. Nc1 Kd6 44. Nb3 Bc8 45. Bd1 Bd7 46. Be2 Ke7 47. Ke3 f5 48. Kf3 Bc8 49. Ke3 Kf6 50. Kd3 Bd7 51. Ke3 Kg5 52. Bf3 f4+ 53. Kf2 Kh4 54. Be2 Bc8 55. Bd3 Bb7 56. Bc2 g5 57. Bd3 g4 58. Bc2 Bc3 59. Bd3 Bd4+ 60. Nxd4 exd4 61. g3+ Kh3 62. gxf4 Kh2 63. Bf1 Bxe4 0-1

[Event "OLNW 2324 SK Kirchweyhe II - Hamelner SV"]
[Site "?"]
[Date "2023.12.03"]
[Round "3.6"]
[White "Vernacki, Srdjan"]
[Black "van Son, Lutz"]
[Result "1-0"]
[WhiteElo "2262"]
[BlackElo "2185"]
[PlyCount "85"]
[EventDate "2023.??.??"]

1. c4 c6 2. Nf3 d5 3. e3 Nf6 4. b3 Bg4 5. h3 Bxf3 6. Qxf3 e5 7. cxd5 cxd5 8. Bb2 Nc6 9. Bb5 Bd6 10. Nc3 e4 11. Qe2 O-O 12. Bxc6 bxc6 13. O-O Rc8 14. d3 Re8 15. dxe4 Nxe4 16. Rac1 Bb8 17. Nxe4 Rxe4 18. Rfd1 Qd6 19. g3 Qd7 20. Kg2 f5 21. Rc2 Re6 22. Qf3 Rf8 23. b4 a6 24. a4 Qb7 25. Bc3 Rg6 26. Kh2 Rh6 27. Rb2 Kh8 28. b5 axb5 29. axb5 cxb5 30. Qxd5 Qc8 31. Qd4 Rg8 32. Rc1 Qe6 33. h4 Qe7 34. Kg1 Rd8 35. Qb4 Bd6 36. Qxb5 Bxg3 37. fxg3 Qxe3+ 38. Kg2 Qxc1 39. Qe5 Rg6 40. Rb8 Qc2+ 41. Kh3 Qd1 42. Qe8+ Rxe8 43. Rxe8# 1-0

[Event "OLNW 2324 SK Kirchweyhe II - Hamelner SV"]
[Site "?"]
[Date "2023.12.03"]
[Round "3.8"]
[White "Silber, Kevin"]
[Black "Reichelt, Ole"]
[Result "0-1"]
[WhiteElo "2224"]
[BlackElo "1917"]
[PlyCount "144"]
[EventDate "2023.??.??"]

1. b3 Nf6 2. Bb2 d5 3. e3 e6 4. Nf3 Bd6 5. Be2 O-O 6. O-O c5 7. d4 Nc6 8. Nbd2 cxd4 9. exd4 Qc7 10. c4 b6 11. Rc1 Bb7 12. cxd5 Nxd5 13. Ne5 f6 14. Nxc6 Bxc6 15. Bb5 Ne7 16. Bxc6 Nxc6 17. d5 exd5 18. Nf3 Bc5 19. Qxd5+ Kh8 20. Rfd1 Nb4 21. Qf5 Nxa2 22. Rc4 Rad8 23. Ra1 Qd7 24. Qb1 Nb4 25. Rh4 Qd3 26. Ba3 a5 27. Bxb4 Bxb4 28. Rh3 Qxb1+ 29. Rxb1 Rfe8 30. Kf1 Rd7 31. Rh5 Rc8 32. Rh4 Rc2 33. Re4 Kg8 34. Nd4 Rd2 35. Nc6 Bc5 36. Re2 R2d6 37. Ne7+ Kf7 38. Nf5 Rd1+ 39. Re1 Rxb1 40. Rxb1 Rd2 41. Ne3 Bxe3 42. fxe3 Ke7 43. Rc1 Kd7 44. Rc3 Rb2 45. h4 Kd6 46. Kg1 b5 47. Kh2 b4 48. Rd3+ Ke5 49. Kg3 Ke4 50. Rd4+ Kxe3 51. Rd5 Rxb3 52. Rxa5 Ke4+ 53. Kg4 f5+ 54. Kh5 Rb2 55. Rb5 b3 56. g3 Rb1 57. Kg5 b2 58. Rb4+ Kd3 59. Rb8 Ke3 60. Rb3+ Ke2 61. Kh5 Kd2 62. Rb8 Ke2 63. Rb3 Kf2 64. Kg5 Kg2 65. Kh5 Kh2 66. Kg5 f4 67. Kg4 fxg3 68. h5 Kh1 69. h6 g6 70. Kh4 g2 71. Rh3+ Kg1 72. Rb3 Kf2 0-1

[Event "OLNW 2324 SK Nordhorn Blanke - Braunschw"]
[Site "?"]
[Date "2023.12.03"]
[Round "3.1"]
[White "Cebulla, Konstantin"]
[Black "Kroeze, Frank"]
[Result "0-1"]
[WhiteElo "2094"]
[BlackElo "2392"]
[PlyCount "108"]
[EventDate "2023.??.??"]

1. d4 d5 2. c4 dxc4 3. Nf3 c5 4. e3 cxd4 5. Bxc4 Nf6 6. O-O Nc6 7. Nxd4 Bd7 8. Qb3 e6 9. Qxb7 Na5 10. Qa6 Nxc4 11. Qxc4 Rc8 12. Qb3 Bd6 13. Nc3 O-O 14. e4 Qa5 15. Nf3 Bc6 16. Bd2 Qh5 17. Rfe1 Nd7 18. Rad1 Nc5 19. Qc4 Bb7 20. e5 Bxf3 21. exd6 Bxd1 22. Rxd1 Rfd8 23. Bf4 Nd7 24. Qd3 Qg4 25. Bg3 Qc4 26. Kf1 f6 27. Ke2 Kf7 28. f3 a6 29. Bf2 Qxd3+ 30. Rxd3 Rc6 31. f4 e5 32. f5 Rb8 33. b3 Rbc8 34. Kd2 e4 35. Nxe4 Rc2+ 36. Ke3 Re8 37. Rd4 g6 38. g4 gxf5 39. gxf5 Re5 40. Kf4 Rxa2 41. Bh4 Raa5 42. Nxf6 Rxf5+ 43. Ke3 Rxf6 44. Bxf6 Kxf6 45. Rh4 h5 46. Rc4 Ke6 47. b4 Rb5 48. Rc6 Nb6 49. d7+ Kxd7 50. Rh6 Nd5+ 51. Kd4 Nxb4 52. Kc4 Nc6 53. Rh7+ Kd6 54. Rh6+ Kc7 0-1

[Event "OLNW 2324 SK Nordhorn Blanke - Braunschw"]
[Site "?"]
[Date "2023.12.03"]
[Round "3.2"]
[White "Rietman, Frits"]
[Black "Dahmen, Christoph"]
[Result "0-1"]
[WhiteElo "2227"]
[BlackElo "2093"]
[PlyCount "80"]
[EventDate "2023.??.??"]

1. e4 c6 2. Nf3 d5 3. exd5 cxd5 4. Ne5 Nf6 5. d4 Nc6 6. Bb5 Bd7 7. Nxd7 Qxd7 8. c3 e6 9. O-O Bd6 10. Nd2 O-O 11. Nf3 a6 12. Bd3 h6 13. Re1 Qc7 14. g3 b5 15. a3 e5 16. dxe5 Nxe5 17. Nxe5 Bxe5 18. Be3 Rad8 19. Bf1 Rfe8 20. Bd4 Ne4 21. a4 Rb8 22. axb5 axb5 23. Bg2 Bxd4 24. Qxd4 Rbd8 25. Rad1 Qb8 26. Qb4 Qb6 27. Bxe4 Rxe4 28. Rxe4 dxe4 29. Rxd8+ Qxd8 30. Qxe4 Qd1+ 31. Kg2 Qb3 32. Qe2 g5 33. Qd2 Qe6 34. Qc2 h5 35. h3 Qd5+ 36. Kh2 Qf3 37. b3 h4 38. c4 bxc4 39. bxc4 g4 40. hxg4 h3 0-1

[Event "OLNW 2324 SK Nordhorn Blanke - Braunschw"]
[Site "?"]
[Date "2023.12.03"]
[Round "3.3"]
[White "Nimtz, Manfred"]
[Black "Lambrechts, Koen"]
[Result "0-1"]
[WhiteElo "2170"]
[BlackElo "2290"]
[PlyCount "77"]
[EventDate "2023.??.??"]

1. e4 c6 2. d4 d5 3. e5 Bf5 4. Be3 e6 5. Nd2 Nd7 6. Ngf3 Ne7 7. Nb3 Bg6 8. Be2 Nf5 9. O-O Be7 10. c3 O-O 11. Bf4 Rc8 12. h3 c5 13. dxc5 Nxc5 14. Nxc5 Bxc5 15. Qb3 Qc7 16. Rac1 Bb6 17. g4 Ne7 18. Nd4 Qd7 19. Rfd1 f6 20. exf6 Rxf6 21. Bg3 Nc6 22. Nxc6 bxc6 23. c4 Rcf8 24. Rf1 Qf7 25. c5 Bc7 26. Qe3 Be4 27. b4 Bf4 28. Bxf4 Rxf4 29. b5 cxb5 30. c6 Qc7 31. Qc5 h5 32. Rc3 d4 33. Qxd4 Bf3 34. Qe3 hxg4 35. Qxe6+ R8f7 36. Bxf3 gxf3 37. Re1 R4f6 38. Qg4 Kh7 39. Re5 0-1

[Event "OLNW 2324 SK Nordhorn Blanke - Braunschw"]
[Site "?"]
[Date "2023.12.03"]
[Round "3.4"]
[White "Bertholee, Rob"]
[Black "Clemens, Christian"]
[Result "1/2-1/2"]
[WhiteElo "2319"]
[BlackElo "2163"]
[PlyCount "67"]
[EventDate "2023.??.??"]

1. c4 e5 2. Nc3 Nc6 3. Nf3 Nf6 4. a3 d5 5. cxd5 Nxd5 6. Qc2 Be6 7. e3 a6 8. b4 Nxc3 9. dxc3 Bd6 10. Bb2 O-O 11. c4 f6 12. c5 Be7 13. Bd3 g6 14. Bxg6 hxg6 15. Qxg6+ Kh8 16. Qh6+ Kg8 17. Qg6+ Kh8 18. Ng5 fxg5 19. Qh6+ Kg8 20. Qg6+ Kh8 21. Qh6+ Kg8 22. Qxe6+ Rf7 23. Rd1 Qe8 24. Bxe5 Nxe5 25. Qxe5 Qb5 26. Qe4 a5 27. h4 gxh4 28. Qg6+ Kf8 29. Qh6+ Ke8 30. Qh8+ Rf8 31. Qh5+ Rf7 32. Qh8+ Rf8 33. Qh5+ Rf7 34. Qh8+ 1/2-1/2

[Event "OLNW 2324 SK Nordhorn Blanke - Braunschw"]
[Site "?"]
[Date "2023.12.03"]
[Round "3.5"]
[White "Cichy, Michael"]
[Black "Oehne, Timo"]
[Result "0-1"]
[WhiteElo "2006"]
[BlackElo "2149"]
[PlyCount "66"]
[EventDate "2023.??.??"]

1. d4 Nf6 2. Nf3 d5 3. c4 c6 4. Nc3 g6 5. Qb3 Bg7 6. cxd5 Nxd5 7. e4 Nb6 8. Be3 O-O 9. Be2 Be6 10. Qc2 Bc4 11. Rd1 Na6 12. O-O Qc7 13. b3 Bxe2 14. Nxe2 Nd7 15. Rc1 Qa5 16. Rfd1 Rac8 17. Bd2 Qb6 18. Bc3 Nf6 19. Qb1 Qb5 20. Ng3 Nc7 21. Ne5 Ne6 22. a4 Qa6 23. Nf3 Rfd8 24. Qb2 Nf4 25. Ne5 Nd7 26. Nc4 Nb6 27. Ra1 Nxc4 28. bxc4 Qxc4 29. Ra3 b6 30. d5 Bxc3 31. Rxc3 Qxa4 32. Ra1 Qd4 33. Qc2 cxd5 0-1

[Event "OLNW 2324 SK Nordhorn Blanke - Braunschw"]
[Site "?"]
[Date "2023.12.03"]
[Round "3.6"]
[White "Stotyn, Fabian"]
[Black "Waldschlaeger, Juergen"]
[Result "1-0"]
[WhiteElo "2132"]
[BlackElo "2130"]
[PlyCount "75"]
[EventDate "2023.??.??"]

1. e4 e6 2. d4 d5 3. Nc3 Nf6 4. Bg5 Be7 5. e5 Nfd7 6. h4 a6 7. Qg4 Bxg5 8. hxg5 c5 9. g6 f5 10. Qf4 h6 11. O-O-O O-O 12. Nf3 Nc6 13. dxc5 Nxc5 14. g4 Ne4 15. Qh2 Nxc3 16. g5 Nxd1 17. gxh6 Qe7 18. hxg7 Qxg7 19. Kxd1 Ne7 20. Qh5 Bd7 21. Qg5 Be8 22. Rh7 Qxg6 23. Rxe7 Qxg5 24. Nxg5 Bc6 25. Rxe6 Kg7 26. f4 Rad8 27. Bxa6 Rd7 28. Bd3 d4 29. Kd2 Be4 30. Rb6 Bd5 31. a4 Rh8 32. Bxf5 Rh2+ 33. Kd3 Rd8 34. Rg6+ Kh8 35. e6 Rf8 36. Nf7+ Rxf7 37. exf7 Bxf7 38. Rb6 1-0

[Event "OLNW 2324 SK Nordhorn Blanke - Braunschw"]
[Site "?"]
[Date "2023.12.03"]
[Round "3.8"]
[White "Plasman, Hans"]
[Black "Wetterau, Nathanael"]
[Result "1-0"]
[WhiteElo "2091"]
[BlackElo "1848"]
[PlyCount "71"]
[EventDate "2023.??.??"]

1. d4 Nf6 2. c4 c5 3. d5 d6 4. Nc3 g6 5. e4 Bg7 6. h3 O-O 7. Be3 e6 8. Nf3 exd5 9. cxd5 Re8 10. Nd2 Nbd7 11. Be2 a6 12. a4 b6 13. O-O Bb7 14. Qc2 h6 15. Rad1 Rc8 16. Rfe1 Ne5 17. f4 Ned7 18. Nc4 Nf8 19. Bf3 Rb8 20. e5 dxe5 21. fxe5 N6h7 22. Bf4 Qh4 23. g3 Qd8 24. g4 Ba8 25. Kh2 b5 26. axb5 axb5 27. Nd6 Ng5 28. Bg2 Re7 29. Ncxb5 Nd7 30. e6 Nf6 31. exf7+ Kh7 32. Qxc5 Nd7 33. Qa3 Nxf7 34. Rxe7 Qxe7 35. Nxf7 Rxb5 36. Qxe7 1-0

[Event "OLNW 2324 SK Union Oldenburg - SV Heller"]
[Site "?"]
[Date "2023.12.03"]
[Round "3.1"]
[White "Hoffmann, Alexander"]
[Black "Wittje, Berthold"]
[Result "1/2-1/2"]
[WhiteElo "2409"]
[BlackElo "2252"]
[PlyCount "104"]
[EventDate "2023.??.??"]

1. c4 e6 2. Nf3 Nf6 3. g3 Be7 4. Bg2 O-O 5. O-O d5 6. d4 dxc4 7. Qc2 a6 8. a4 Bd7 9. Qxc4 Bc6 10. Bg5 Bd5 11. Qc2 Be4 12. Qc1 Nc6 13. Nbd2 Bg6 14. e3 h6 15. Bxf6 Bxf6 16. Nc4 Be4 17. Rd1 Qe7 18. Ncd2 Bg6 19. Nb3 Nb4 20. Ne1 c6 21. f4 Bh5 22. Rd2 Rad8 23. e4 g5 24. a5 Bg7 25. Qc4 f5 26. Ra4 Nd5 27. Qc5 fxe4 28. Qxe7 Nxe7 29. fxg5 e3 30. Rd3 hxg5 31. Rxe3 Nf5 32. Re4 Bd1 33. Rb4 Bxb3 34. Rxb3 Bxd4+ 35. Kh1 e5 36. Nf3 Rd5 37. Rg4 Rxa5 38. Rxg5+ Kh7 39. h4 Rb5 40. Rxb5 axb5 41. Nxd4 Nxd4 42. Rxe5 Rf2 43. Re7+ Kg6 44. Rxb7 Rxb2 45. g4 b4 46. Rb6 Kf6 47. Kh2 Ke5 48. Rb8 Kf4 49. Re8 Nf3+ 50. Kh3 Ng1+ 51. Kh2 Nf3+ 52. Kh3 Ng1+ 1/2-1/2